Marqueurs d'essais avec le Stade toulousain. (2020 - …) - Statistiques

Statistiques générales
  • Ce quiz a été pris 474 fois
    27 depuis la dernière actualisation
  • Le résultat moyen est 44 sur 75
Statistiques - réponses
Essais Joueurs % Correct
52 Antoine Dupont
100%
14 Blair Kinghorn
100%
24 Jack Willis
100%
27 Péato Mauvaka
100%
30 Romain Ntamack
100%
13 Santiago Chocobares
100%
8 Théo Ntamack
100%
33 Thomas Ramos
100%
33 Ange Capuozzo
90%
3 Cyril Baille
90%
34 Juan Cruz Mallía
90%
22 Julien Marchand
90%
69 Matthis Lebel
90%
2 Naoto Saito
90%
27 Paul Graou
90%
14 Thibaud Flament
90%
15 Anthony Jelonch
80%
1 Benjamin Bertrand
80%
3 David Ainuu
80%
2 Dorian Aldegheri
80%
3 Efrain Elias
80%
37 Emmanuel Meafou
80%
8 François Cros
80%
3 Joel Merkler
80%
1 Matias Remue
80%
8 Paul Costes
80%
13 Alexandre Roumat
70%
13 Chelsin Kolbe
70%
20 Guillaume Cramont
70%
7 Joshua Brennan
70%
12 Kalvin Gourgues
70%
2 Léo Banos
70%
16 Pierre-Louis Barassi
70%
19 Pita Akhi
70%
2 Rodrigue Neti
70%
12 Teddy Thomas
70%
6 Clément Vergé
60%
29 Dimitri Delibes
60%
3 Nelson Épée
60%
4 Richie Arnold
60%
4 Rory Arnold
60%
3 Thomas Lacombre
60%
1 Malachi Hawkes
50%
17 Mathis Castro Ferreira
50%
8 Maxime Médard
50%
5 Melvyn Jaminet
50%
9 Sofiane Guitoune
50%
2 Célian Pouzelgues
40%
2 Georges-Henri Colombe
40%
2 Lucien Richardis
40%
1 Martin Page-Relo
40%
9 Selevasio Tolofua
40%
4 Setareki Bituniyata
40%
1 Sialevailea Tolofua
40%
9 Alban Placines
30%
3 Baptiste Germain
30%
1 Charlie Faumuina
30%
6 Josefa Tekori
30%
15 Lucas Tauzin
30%
3 Rynhardt Elstadt
30%
1 Simon Daroque
30%
1 Tim Nanai-Williams
30%
6 Yoan Huget
30%
4 Zack Holmes
30%
4 Antoine Miquel
20%
9 Arthur Retière
20%
1 Lucas Vignères
20%
6 Pierre Fouyssac
20%
1 Pierre Pagès
20%
1 Piula Fa'asalele
20%
3 Arthur Bonneval
10%
1 Jérôme Kaino
10%
1 Mathieu Galtier
10%
1 Paulo Tafili
10%
1 Théo Idjellidaine
10%
Aucun quiz correspondant
Distribution des résultats
% des personnes avec chaque résultat
Percentile par nombre de réponses
Votre historique - résultats
Vous n’avez pas pris ce quiz depuis la dernière actualisation